مر ز ا غا لب کی حو يلی اور د يگر د و ڈ ر ا مے (Record no. 87724)

MARC details
000 -LEADER
fixed length control field 01307nam a22002777a 4500
005 - DATE AND TIME OF LATEST TRANSACTION
control field 20170323115940.0
008 - FIXED-LENGTH DATA ELEMENTS--GENERAL INFORMATION
fixed length control field 140714b xxu||||| |||| 00| 0 Urdu d
010 ## - LCCN (DPL NO)
LC control number UR-8546 B-548252 B-665917
020 ## - INTERNATIONAL STANDARD BOOK NUMBER
Terms of availability 150.00
International Standard Book Number 9788180422843
035 ## - SYSTEM CONTROL NUMBER
System control number U-710 B-548252 B-665917
037 ## - SOURCE OF ACQUISITION
Source of stock number/acquisition BPPD/Publishers/Venders
037 ## - SOURCE OF ACQUISITION
Source of stock number/acquisition DBAD/Pub.
037 ## - SOURCE OF ACQUISITION
Source of stock number/acquisition Star Pub.(Vend.)/Modern Pub.(Pub.)
040 ## - CATALOGING SOURCE
Original cataloging agency DPL
Language of cataloging Urdu
082 ## - DEWEY DECIMAL CLASSIFICATION NUMBER
Classification number 842
100 ## - MAIN ENTRY--PERSONAL NAME
Personal name قا ضی مشتا ق ا حمد
245 ## - TITLE STATEMENT
Title مر ز ا غا لب کی حو يلی اور د يگر د و ڈ ر ا مے
Statement of responsibility, etc قا ضی مشتا ق ا حمد
246 ## - VARYING FORM OF TITLE
Title proper/short title Mirza GHalib ki Haveli aur Deegar do Drame
Remainder of title by Qazi Mushtaq Ahmed
260 ## - PUBLICATION, DISTRIBUTION, ETC. (IMPRINT)
Name of publisher, distributor, etc Modern Publishing House
-- Star Publications.( Vender)
Date of publication, distribution, etc 2013
260 ## - PUBLICATION, DISTRIBUTION, ETC. (IMPRINT)
Place of publication, distribution, etc 4/5Asaf Ali Road,New Delhi-110002
270 ## - ADDRESS
Address 9-گو لا ما ر کيٹ،د ر يا گنج
City نئ دھلی
Postal code 110002
Telephone number 01123278869
300 ## - PHYSICAL DESCRIPTION
Extent 160ص
Dimensions 22Cm(Pb)
942 ## - ADDED ENTRY ELEMENTS (KOHA)
Source of classification or shelving scheme Dewey Decimal Classification
Item type Urdu Bks
Call number suffix ق ا ض
Classification part 842
Holdings
Withdrawn status Lost status Source of classification or shelving scheme Damaged status Not for loan Collection code Home library Current library Date acquired Source of acquisition Cost, normal purchase price Total Checkouts Total Renewals Full call number Barcode Date last seen Copy number Cost, replacement price Koha item type
    Dewey Decimal Classification     Non-fiction Ashok Vihar Ashok Vihar 23/03/2017 BPPD/UR/2014-15/AV/16-17/657/SP/2267/27.2.17/8.3.17 150.00     842 ق ا ض B-665917 10/06/2023 1 150.00 Urdu Bks
    Dewey Decimal Classification     Non-fiction Central Library Central Library 16/12/2014 BPPD/UR/2014-15/127/1.8.14/SP/3597/6.8.14/2.9.14 150.00 3 2 842 ق ا ض B-548252 28/06/2021 1 150.00 Urdu Bks
    Dewey Decimal Classification   Not For Loan Non-fiction D.B.Act.Division D.B.Act.Division 30/01/2015 DBAD / PUB 150.00     842 ق ا ض U-7101 30/01/2015 1 150.00 Urdu Bks

© Delhi Public Library
Hit Counter
free hit counter